00880nam a2200253Ia 4500003000400000005001700004008004100021020001500062040001800077041000800095082002000103100003100123245008500154250001200239260003100251300002800282650004200310650003200352650004400384700003300428942002900461999001900490952011700509OSt20260317122753.0210716s2002 xx 000 0 und d a8175563842 cAIMIT LIBRARY aeng a511.3 21bKAPL aShinghal, Kshitij.9258807 aSwitching theory and logic design /cBy Kshitij Shinghal and Leena Kohli Kapoor. a1st ed. bPragati Prakashan ,c2002. aviii,240p. ;bPBc25 cm aCombinational circuits design9258808 aSequential circuits9258809 aAsynchronus sequential circuits9258810 aKapoor, Leena Kohli.9258811 2ddccBKe1stk511.3 KAPL c181366d181366 001040708MCAaAIMITbAIMITd2021-07-16eDonatedl0o511.3 KAPLpMCA00874r2026-05-23 00:00:00w2021-07-16yBK